000 00198nam a2200085Ia 4500
008 120527s9999 xx 000 0 und d
100 _aHammerisch,S.D
245 _aEconomics is everywhere
942 _cBK
999 _c27201
_d27201